000 00548nam a2200205Ia 4500
003 OSt
005 20230530110742.0
008 210423s2003 xx 000 0 und d
040 _cAL
041 _aeng
082 _a305.4 BARW
_223
100 _aBARUAH (Arunima)
_9116530
245 _aWomen in india: an exhaustive study
260 _aNew Delhi
_bAnmol Publications
_c2003
365 _b600
_cINR
650 _aSociology
_9116531
650 _aWomen Studies
_9116532
906 _aan ; exhaustive ; india: ; study ; Women
942 _2ddc
_cBK
999 _c173599
_d173599